Polvo y espanto /

Guardado en:
Autor Principal: Arias, Abelardo
Formato: Libro
Publicado: Buenos Aires : Sudamericana, 1972
Edición:2a. ed.
Series:Colección El Espejo
Materias:
Etiquetas: Agregar Etiqueta
Sin Etiquetas, Sea el primero en etiquetar este registro!
LEADER 00601nam a22002175a 4500
001 CEM.cems000686
005 20110304103327.0
008 130507s1972##################000#0#####d
003 CEMS
082 0 4 |a A863.4 
100 1 |a Arias, Abelardo 
245 1 0 |a Polvo y espanto /  |c Abelardo Arias 
250 |a 2a. ed. 
260 |a Buenos Aires :  |b Sudamericana,  |c 1972 
300 |a 317 p. 
490 0 |a Colección El Espejo 
653 |a Literatura 
653 |a Literatura argentina 
653 |a Novelas 
653 |a Novela argentina-siglo 20 
859 |a CEMS  |b BIB. CEMS - 11 de abril  |h A863.4  |i Ar41a2  |p 15181.88  |t Ej.1